La montaña del alma / (Record no. 18421)

MARC details
000 -LEADER
campo de control de longitud fija 00880nam a2200265 i 4500
001 - NÚMERO DE CONTROL
campo de control 18421
003 - IDENTIFICADOR DE NÚMERO DE CONTROL
campo de control ES-MaACL
005 - FECHA Y HORA DE LA ÚLTIMA TRANSACCIÓN
campo de control 20240311165625.0
007 - CAMPO FIJO DE DESCRIPCIÓN FÍSICA--INFORMACIÓN GENERAL
campo de control de longitud fija t|
008 - DATOS DE LONGITUD FIJA--INFORMACIÓN GENERAL
campo de control de longitud fija 011026s2001 sp ||||1| spa d
020 ## - NÚMERO INTERNACIONAL ESTÁNDAR DEL LIBRO
Número Internacional Estándar del Libro 84-8453-044-2
080 ## - NÚMERO DE LA CLASIFICACIÓN DECIMAL UNIVERSAL
Número de la Clasificación Decimal Universal 821.133.1-31"19"
100 1# - ENTRADA PRINCIPAL--NOMBRE DE PERSONA
Nombre de persona Gao, Xingjian.
9 (RLIN) 53895
245 13 - MENCIÓN DEL TÍTULO
Título La montaña del alma /
Mención de responsabilidad, etc. Gao Xingjian ; traducción de Liao Yanping y José Ramón Monreal.
250 ## - MENCION DE EDICION
Mención de edición 4ª ed.
260 ## - PUBLICACIÓN, DISTRIBUCIÓN, ETC.
Lugar de publicación, distribución, etc. [Barcelona] :
Nombre del editor, distribuidor, etc. Ediciones del Bronce,
Fecha de publicación, distribución, etc. 2001.
300 ## - DESCRIPCIÓN FÍSICA
Extensión 651 p. ;
Dimensiones 23 cm.
490 1# - MENCIÓN DE SERIE
Mención de serie Etnicos del bronce. Serie francófonos del bronce ;
Designación de volumen o secuencia 19
500 ## - NOTA GENERAL
Nota general Premio Nobel 2000.
700 1# - ENTRADA AGREGADA--NOMBRE PERSONAL
Nombre de persona Yanping, Liao.
9 (RLIN) 117563
700 1# - ENTRADA AGREGADA--NOMBRE PERSONAL
Nombre de persona Monreal, José Ramón,
Fechas asociadas al nombre 1954-
9 (RLIN) 82267
830 0# - PUNTO DE ACCESO ADICIONAL DE SERIE-TÍTULO UNIFORME
Título uniforme Etnicos del bronce. Serie francófonos del bronce ;
Designación de volumen o secuencia 19
9 (RLIN) 228801
852 ## - LOCALIZACIÓN
Ubicación ES-MaACL
Número de control de estantería L-25042
Sublocalización o colección R.130403
Holdings
Estatus retirado Estado de pérdida Estado de daño No para préstamo Biblioteca de origen Biblioteca actual Ubicación en estantería Fecha de adquisición Fuente de adquisición Total de préstamos Signatura topográfica completa Código de barras Visto por última vez Precio de reemplazo Tipo de ítem Koha
        Biblioteca del Ateneo de Madrid Biblioteca del Ateneo de Madrid Depósito 2 17/01/2008     L-25042 1018847 23/02/2023 23/02/2023 Libro impreso